000 00844nam a22002177a 4500
001 2242
005 20231113134113.0
020 _a9780531187920
040 _aFISKH
_beng
_cFISKH
_dFISKH
050 _aQK495.C74
082 _a583.99
100 _aWeiss, Ellen
245 _aFrom seed to dandelion /
_cBy Ellen Weiss
260 _aNew York :
_bScholastic,
_c2008
300 _a24 pages :
_billustrations
_c20 cm
505 _aH
520 _aLife cycles are a fascinating and integral part of every science curriculum. These titles are a great introduction to the wonder of how things grow. Beautiful, full-colour photographs and illustrations demonstrate the step-by-step process of a variety of plant growths, supported with an introduction to basic botany terms.
521 _a480
_bLexile
521 _aH
_bRaz-Plus
942 _2ddc
_cBK
_n0
999 _c2242
_d2242